Fr. Conceicao Rodrigues College of Engineering

I dare:Kiran Bedi a Biography (Record no. 26000)

MARC details
000 -LEADER
fixed length control field 00302nam a2200145Ia 4500
082 ## - DEWEY DECIMAL CLASSIFICATION NUMBER
Classification number 920.72
Item number DAN
100 ## - MAIN ENTRY--PERSONAL NAME
Personal name Dangwal/Parmesh
245 ## - TITLE STATEMENT
Title I dare:Kiran Bedi a Biography
260 ## - PUBLICATION, DISTRIBUTION, ETC.
Name of publisher, distributor, etc. UBS
Date of publication, distribution, etc. 2003
300 ## - PHYSICAL DESCRIPTION
Extent 362
546 ## - LANGUAGE NOTE
Language note ENGLISH
650 ## - SUBJECT ADDED ENTRY--TOPICAL TERM
Topical term or geographic name entry element General
654 ## - SUBJECT ADDED ENTRY--FACETED TOPICAL TERMS
Focus term kiran bedi
942 ## - ADDED ENTRY ELEMENTS (KOHA)
Koha item type BOOK
Holdings
Withdrawn status Lost status Damaged status Not for loan Collection Home library Current library Date acquired Total Checkouts Full call number Barcode Date last seen Price effective from Koha item type
        CRC Fr. Agnel's C.Rodrigues College of Engineering Fr. Agnel's C.Rodrigues College of Engineering 17/03/2023   920.72 DAN 13329 17/03/2023 17/03/2023 BOOK